Linear programming : basic theory and applications (Record no. 49319)

MARC details
000 -LEADER
fixed length control field 00620nam a2200157 a 4500
008 - FIXED-LENGTH DATA ELEMENTS--GENERAL INFORMATION
fixed length control field 140206s1980 ||||||||||||||||| || u
020 ## - INTERNATIONAL STANDARD BOOK NUMBER
International Standard Book Number 0070625808
050 ## - LIBRARY OF CONGRESS CALL NUMBER
Classification number T 57.74 Swa
100 ## - MAIN ENTRY--PERSONAL NAME
Personal name Swanson, Leonard W
245 10 - TITLE STATEMENT
Title Linear programming : basic theory and applications
Statement of responsibility, etc. by Leonard W. Swanson
260 ## - PUBLICATION, DISTRIBUTION, ETC.
Place of publication, distribution, etc. New York:
Name of publisher, distributor, etc. McGraw-Hill
Date of publication, distribution, etc. 1980
300 ## - PHYSICAL DESCRIPTION
Extent xii, 218p.: ill.
490 ## - SERIES STATEMENT
Series statement Quantitative methods for management series
650 ## - SUBJECT ADDED ENTRY--TOPICAL TERM
Topical term or geographic name entry element Linear programming
995 ## - RECOMMENDATION 995 [LOCAL, UNIMARC FRANCE]
-- CBU-MAIN LIBRARY (Kitwe)
-- 1
-- AVAILABLE
-- Mar 11, 2014
-- Annex Low-Usage Collection
Holdings
Withdrawn status Lost status Source of classification or shelving scheme Damaged status Not for loan Home library Current library Shelving location Date acquired Total Checkouts Full call number Barcode Date last seen Price effective from Koha item type
          CBU-MAIN LIBRARY, KITWE. CBU-MAIN LIBRARY, KITWE.   11/30/2022   T 57.74 Swa 744716 11/30/2022 11/30/2022 MONOGRAPH